000 00403nam a2200157Ia 4500
005 20230826075309.0
008 230703s9999 xx 000 0 und d
041 _aeng
082 _a158.1
_bCAR
100 _aCarnegie D
_9106261
245 _aCheck list for supervisors
260 _bNational Foremen's Institute
_aLondon
_c1956
300 _a24
500 _aPersonality Development
942 _cDB
999 _c166903
_d166903